Score 0/16 Timer 03:00
1 Play Today
Movie Missing Word % Correct
_____ Wars Episode IV: A New HopeStar
97.1%
Under the Tuscan ____Sun
95.5%
Snakes on a _______Plane
94.6%
_____ White and the HuntsmanSnow
91.4%
Transformers: Dark of the _____Moon
82.7%
______ AtlasCloud
81%
_____ on a WireBird
76%
Lord of the ______Flies
70.3%
Movie Missing Word % Correct
The _____ RunnerKite
66.9%
The Perfect ______Storm
65.8%
Up in ______Smoke
59.3%
Percy Jackson & the Olympians: The __________ ThiefLightning
58.9%
Bottle _______Rocket
37%
The Red _______Balloon
15.2%
The _______ ManMeteor
8.8%
A Shine of _________Rainbows
4.6%

Today's Daily Dose

Remove Ads.
Support Sporcle.
Get the best of Sporcle when you Go Orange. This ad-free experience offers more features, more stats, and more fun while also helping to support Sporcle. Thank you for becoming a member.

You're not logged in!

Compare scores with friends on all Sporcle quizzes.
OR
Log In

Show Comments

Extras

Top Quizzes Today


Score Distribution

Your Account Isn't Verified!

In order to create a playlist on Sporcle, you need to verify the email address you used during registration. Go to your Sporcle Settings to finish the process.

Report this User

Report this user for behavior that violates our Community Guidelines.

Details: